[Event "GAMMA Reykjavik Open 2018"]
[Site "Reykjavik"]
[Date "2018.03.16"]
[Round "9"]
[White "Vaibhav, Suri"]
[Black "Eljanov, Pavel"]
[Result "1/2-1/2"]
[WhiteElo "2544"]
[BlackElo "2713"]
[Annotator "TA"]
[PlyCount "285"]
[EventType "swiss"]
[EventCountry "ISL"]
[SourceTitle "playchess.com"]
[Source "ChessBase"]
[SourceQuality "1"]

{[%evp 15,285,14,18,-4,33,31,57,52,49,50,62,62,92,90,106,71,69,65,57,34,44,45,62,46,66,37,65,3,21,8,53,64,84,0,20,13,38,-63,-50,-73,0,0,0,0,0,0,0,-18,0,0,14,14,9,14,40,33,53,87,96,0,0,-38,-38,-56,-64,-337,-39,-39,-39,-39,-38,-39,-39,-39,-37,-37,-37,-37,0,-8,0,-8,-8,-20,-20,-33,-33,-33,-32,-33,-8,-8,-8,-8,8,8,8,8,8,8,8,8,8,8,8,8,8,8,47,47,47,47,47,47,47,47,47,47,54,47,54,54,54,54,54,54,54,54,54,54,54,54,54,54,54,54,54,54,54,47,54,47,54,47,63,47,63,63,63,0,63,0,62,61,61,61,63,63,63,0,8,7,7,0,8,0,7,0,0,0,0,0,0,0,0,0,0,0,0,0,0,0,0,0,0,0,0,0,0,0,0,0,0,0,0,0,0,0,0,0,0,0,0,0,0,0,0,0,0,0,0,0,0,0,0,0,0,0,0,0,0,0,0,0,0,0,0,0,0,0,0,0,0,0,0,0,0,0,0,0,0,0,0,0,0,0,0,0,0,0,0,0,0,0,0,0,0,0,0,0,0,0,0,0,0,0,0,0,0,0,0,0]} 1. d4 Nf6 2. c4 e6 3. Nc3 Bb4 4. Qc2 O-O 5. a3 Bxc3+ 6. Qxc3 d6 7. g3 Bd7 {E32: Nimzo-Indian: Classical (4 Qc2): 4...0-0} 8. Bg2 Bc6 {LiveBook: 13 Games} 9. f3 d5 10. Nh3 b6 $146 ({Predecessor:} 10... dxc4 11. Qxc4 Nbd7 12. e4 Nb6 13. Qc3 a5 14. O-O Bb5 15. Rd1 {1-0 (51) L'Ami,E (2594)-Eljanov,P (2675) Wijk aan Zee 2007}) 11. O-O Bb7 12. cxd5 exd5 13. Bf4 c5 14. dxc5 d4 15. Qc2 Na6 16. c6 Rc8 17. Rad1 Rxc6 18. Qa4 Qe7 19. Qxd4 Qxe2 20. Rfe1 Qc2 21. Re7 (21. Be5 $14) 21... Nc5 $1 $11 {[%cal Rc5e6]} 22. Qd2 Qa4 23. b4 Ncd7 24. Ng5 (24. Rxd7 $16 Nxd7 25. Qxd7) 24... Rc2 25. Qe1 Qxa3 26. Ne4 (26. Bf1 $14) 26... Bc6 $15 27. Nf2 Nd5 {[#]} ({Avoid the trap} 27... Bxf3 $2 28. Re3 $18) ({Black should play} 27... Bb5 $17) 28. Rxd5 $1 $11 {[%mdl 512]} Bxd5 29. Rxd7 Bc6 ({Of course not} 29... Bxf3 30. Bf1 $11) 30. Rd3 Qa2 31. Rd2 Re8 32. Ne4 f5 33. Qd1 Rxd2 34. Nxd2 a5 35. Bf1 Bd5 36. bxa5 bxa5 {[#]} 37. Bd3 (37. Qc1 $1 $16) 37... a4 38. Bxf5 a3 39. Qa4 {[%cal Ra4e8]} Bf7 $1 40. Qd4 $2 {[%mdl 8192]} ({Better is} 40. Bd3 $15 Qb2 41. Bc4) 40... Qb2 $2 (40... Qd5 $19 41. Qc3 Qxf5 42. Qxa3 Qb5) 41. Qxb2 $15 axb2 42. Kf2 Bg6 43. Bxg6 hxg6 44. Nb1 $1 Rc8 45. Be5 $1 Rc2+ 46. Ke3 Rxh2 47. Kd3 g5 48. Kc3 Kf7 49. Bd4 Rg2 50. g4 Rg3 51. Kxb2 Rxf3 52. Nd2 Rd3 {[%mdl 1024] Black has compensation.} (52... Rf4 {is more complex.} 53. Kc3 Rxg4 54. Kd3 Kg6 55. Ke3 Rf4) 53. Bc3 Rg3 54. Nc4 Rg2+ 55. Kc1 g6 56. Ne3 Re2 57. Bd4 Ke6 58. Kd1 Ra2 (58... Rh2 {is interesting.} 59. Ke1 Ra2 60. Kf1 Rd2 61. Bh8 Ra2) 59. Ke1 Rh2 60. Bc3 Ra2 61. Nd1 Rg2 62. Nf2 Rg3 63. Bd2 Ke5 64. Ke2 Ke6 65. Ba5 Ra3 66. Bd8 Rg3 67. Bb6 Kd5 68. Bc7 Ra3 69. Bd8 Ra2+ 70. Kf3 Ra3+ 71. Kg2 $1 Ke5 72. Bxg5 Rb3 73. Bc1 Ke6 74. Bd2 Ra3 75. Kf1 Kd5 76. Ke2 Ra2 77. Ke3 Ra4 78. Kf3 Ra2 79. Be3 Ke6 80. Kf4 Ra5 81. Nd3 Ra3 82. Nf2 (82. Ke4 {feels hotter.} Kf6 83. Nc5 Kg7 84. Bd4+ Kf7 85. Kf4) 82... Ra5 $1 83. Kf3 (83. Bd4 $14) 83... Ra4 (83... Ra2 $11) 84. Nd3 $14 Kf7 85. Bc1 Kg8 86. Bb2 Rc4 87. Bc1 ({White should try} 87. Bf6 $14) 87... Rc3 {The position is equal.} 88. Ke3 Rc4 89. Kf3 {Threatening Be3.} Rc3 90. Ke3 Rc4 91. g5 Ra4 92. Ne5 Ra1 93. Bd2 Kg7 94. Ke4 Rd1 95. Bc3 Kh7 96. Bd4 Rd2 97. Kd5 Rd1 98. Nc6 Rc1 99. Bf6 (99. Nb4 {is interesting.} Kg8 100. Nd3 Rb1 101. Ke4 Kf7 102. Ne5+) 99... Kg8 100. Ne5 Rd1+ 101. Ke6 Re1 102. Be7 Kg7 103. Kd7 Rd1+ 104. Bd6 Rg1 105. Nf3 Rf1 106. Nd4 Kf7 107. Ne6 Re1 108. Nd8+ Kg7 109. Bc7 (109. Nc6 {seems wilder.} Rc1 110. Bf4 Rd1+ 111. Ke6 Re1+ 112. Be5+) 109... Kg8 110. Nc6 Kf7 111. Be5 (111. Nb4 {with more complications.} Rd1+ 112. Kc6 Rc1+ 113. Kd6 Rd1+ 114. Kc6) 111... Rg1 112. Bf6 Rd1+ 113. Bd4 Rd2 114. Kd6 Rd1 115. Kd5 Rf1 116. Ne5+ Kg7 117. Bc3 {Bb2 is the strong threat.} Rc1 118. Bd4 {Nd3+ would kill now.} Rd1 119. Ng4+ Kg8 120. Nf2 Re1 121. Ne4 Kf7 122. Nd6+ Kg8 123. Be5 Rg1 124. Bf6 Re1 125. Nc4 {And now Ne5 would win.} Rc1 126. Ne5 Rd1+ 127. Ke4 Re1+ 128. Kd3 Kh7 129. Kd4 Rd1+ 130. Kc5 Rd2 131. Kc6 Rd1 132. Nf7 Kg8 133. Nd6 Kf8 134. Kd7 Re1 135. Nc4 {aiming for Ne5.} Kg8 136. Kd6 Rc1 137. Ne3 {Strongly threatening Ng4.} Kf7 138. Kd5 Re1 139. Ng4 {Black must now prevent Ne5+.} Rd1+ 140. Bd4 {Hoping for Ne5+.} Kg8 141. Ke5 {Threatens to win with Kd5.} Kf7 142. Nh6+ Kg7 143. Ke4+ {Precision: White = 60%, Black = 66%.} 1/2-1/2

[Event "GAMMA Reykjavik Open 2018"]
[Site "Reykjavik"]
[Date "2018.03.16"]
[Round "9"]
[White "Moradiabadi, Elshan"]
[Black "Shailesh, Dravid"]
[Result "1-0"]
[WhiteElo "2535"]
[BlackElo "2246"]
[Annotator "TA"]
[PlyCount "104"]
[EventType "swiss"]
[EventCountry "ISL"]
[SourceTitle "playchess.com"]
[Source "ChessBase"]
[SourceQuality "1"]

{[%evp 20,104,16,2,15,10,13,16,12,4,11,8,13,20,25,19,31,18,22,17,22,10,34,35,31,38,40,33,44,40,98,82,99,103,141,72,123,64,57,-64,-68,-77,-78,-100,-102,-169,-175,-197,-197,-194,-186,-179,403,403,392,366,394,390,394,392,382,277,372,382,483,422,4827,1551,29967,29968,29968,29968,29968,29968,29975,29976,29974,29978,29978,29979,29979,29979,29981,29981,29982,29983,29983]} 1. Nf3 Nf6 2. g3 g6 3. b3 Bg7 4. Bb2 O-O 5. Bg2 d6 6. d4 c5 7. O-O cxd4 8. Nxd4 d5 9. c4 dxc4 10. bxc4 Qb6 11. Qc2 {LiveBook: 3 Games. A49: 1 d4 Nf6 2 Nf3 g6 3 g3: Anti-King's Indian systems} (11. Qb3 Nfd7 12. Rd1 Nc5 13. Qxb6 axb6 14. Nc3 Na4 15. Rab1 Nxb2 16. Rxb2 Nc6 17. e3 Nxd4 18. exd4 Be6 19. Bxb7 {½-½ (65) Ivanchuk,V (2726)-Wang,H (2709) Huaian 2017}) 11... Nc6 12. c5 Qa6 13. Nd2 $146 {The position is equal.} ({Predecessor:} 13. Nxc6 bxc6 14. Nd2 Bg4 15. Bf3 Bxf3 16. Nxf3 Rab8 17. Be5 Rb4 18. Rfc1 Nd5 {1-0 (37) Ju,W (2596)-Stefanova,A (2512) China 2017}) 13... Rd8 14. e3 Bd7 15. Rfd1 Rac8 16. Qc4 Qa5 17. N2b3 Qc7 18. Nb5 Qb8 19. Qf4 Qxf4 20. gxf4 a6 21. N5d4 Nxd4 22. Bxd4 Bc6 23. Na5 Bxg2 24. Kxg2 Ne4 ({Black should try} 24... Nd5 $14) 25. Nxb7 $16 Rd7 26. Rab1 Rcc7 27. Na5 (27. Rbc1 $142) 27... Bxd4 {[#]} (27... Nxc5 $142 28. Rb8+ Bf8) 28. exd4 ({Better is} 28. c6 $1 $16 {[%cal Rc6d7]} Rd5 29. Rb7) 28... Nc3 $14 29. Rb8+ ({White has to play} 29. c6 $1 $14 Rd5 30. Rb7) 29... Kg7 $15 30. Rd2 Rxc5 $1 31. dxc5 Rxd2 $17 {[%mdl 4096] Endgame KRN-KRN} 32. a3 (32. Nc4 $17 Rxa2 33. c6) 32... Ne4 $19 33. c6 {[#] c7 is the strong threat.} Rxf2+ 34. Kg1 {Threatens to win with Rb4.} Rc2 (34... Rxf4 35. c7 $18) 35. Rb6 Ra2 $4 {[%mdl 8192]} (35... Nc3 $19 {avoids the disaster. And now ...Ne2+ would win.} 36. Rb4 Nb5) 36. c7 $18 Rc2 37. Rc6 Rxc6 38. Nxc6 {KN-KN} Nd6 {With the idea ...Nc8.} 39. Nxe7 Kf6 40. c8=Q Nxc8 41. Nxc8 {KN-KP} Kf5 42. Nd6+ Kxf4 (42... Ke6 $142) 43. Nxf7 {KN-K3P} h5 44. Kg2 {White mates.} g5 45. Nd8 Ke5 46. Kg3 Kd5 47. Nf7 Kc4 48. Nxg5 a5 49. Ne4 Kb3 50. Nc5+ Kc4 51. Nb7 a4 52. Kh4 Kd5 {Precision: White = 60%, Black = 42%.} 1-0

[Event "GAMMA Reykjavik Open 2018"]
[Site "Reykjavik"]
[Date "2018.03.16"]
[Round "9"]
[White "Hjartarson, Johann"]
[Black "Der Manuelian, Haik"]
[Result "1-0"]
[WhiteElo "2513"]
[BlackElo "2279"]
[Annotator "TA"]
[PlyCount "51"]
[EventType "swiss"]
[EventCountry "ISL"]
[SourceTitle "playchess.com"]
[Source "ChessBase"]
[SourceQuality "1"]

{[%evp 16,51,21,30,27,13,87,85,74,83,165,170,138,173,159,144,134,146,203,193,195,180,190,166,246,224,267,246,354,165,103,125,307,180,180,167,1175,1155]} 1. c4 e6 2. Nc3 d5 3. d4 Be7 4. cxd5 exd5 5. Bf4 c6 6. e3 Bf5 7. Nge2 Nd7 8. f3 {D31: Queen's Gambit Declined: Semi-Slav without ...Nf6 (+ Marshall Gambit and Noteboom) and Exchange Variation lines without ...Nf6} (8. Ng3 Bg6 9. Rc1 Ngf6 10. h4 h5 11. Bg5 Bd6 12. Nge2 Qb6 13. Qd2 O-O 14. Bf4 Be7 15. Ng3 Rfe8 16. Be2 Rac8 {0-1 (49) Kuzubov,Y (2689)-Bacrot,E (2718) Germany 2018}) 8... Ngf6 9. g4 {[%cal Bg2g4,Bg4g5][%mdl 32] LiveBook: 3 Games} Bg6 10. h4 {[#] Threatens to win with h5.White has an edge.} h5 (10... h6 $1 $11) 11. g5 $16 Nh7 12. Bg3 $146 ({Find the theoretical novelty and annotate with similar games:} 12. Qd2 Nhf8 13. Bh3 Ne6 14. Bh2 Nb6 15. f4 Nc4 16. Qc1 Bd3 17. f5 Nxg5 18. hxg5 Bxg5 19. Nf4 Bxf4 {0-1 (19) Legky,N (2330)-Klovans,J Erevan (Armenia) 1980}) 12... Bf5 (12... Nb6 $16) 13. Nf4 $18 Nhf8 14. e4 dxe4 15. fxe4 Bg4 16. Be2 $40 {[%mdl 128] White attacks with force.} Bxe2 (16... Qb6 $16 {is a better defense.}) 17. Qxe2 (17. Kxe2 Nb6 $14) 17... Ne6 18. Nxe6 ({But not} 18. Nxh5 $6 g6 $14) 18... fxe6 19. Qc4 Nf8 (19... O-O $142 20. Qxe6+ Kh7) 20. Be5 Rg8 21. O-O-O Bd6 (21... Qb6 $142 22. a3 Qa6 23. Qxa6 bxa6) 22. Qe2 (22. Rhf1 $142) 22... Bxe5 23. dxe5 Qa5 $2 (23... Qe7 $16 {was worth a try.}) 24. Qxh5+ (24. Rhf1 $142) 24... g6 25. Qf3 {Strongly threatening Rhf1.} Nh7 $2 {[#]} (25... Rg7 26. Qf6 (26. Rhf1 Nd7 $16) 26... Rf7) 26. Rd7 $3 {[%mdl 512] Precision: White = 70%, Black = 19%.} 1-0

[Event "GAMMA Reykjavik Open 2018"]
[Site "Reykjavik"]
[Date "2018.03.16"]
[Round "9"]
[White "Praggnanandhaa R"]
[Black "Navalgund, Niranjan"]
[Result "1-0"]
[WhiteElo "2507"]
[BlackElo "2275"]
[Annotator "TA"]
[PlyCount "105"]
[EventType "swiss"]
[EventCountry "ISL"]
[SourceTitle "playchess.com"]
[Source "ChessBase"]
[SourceQuality "1"]

{[%evp 19,105,12,8,0,11,7,27,18,12,0,5,0,0,0,0,0,0,0,0,-13,0,0,0,0,0,0,20,20,32,27,27,32,26,0,79,64,58,48,50,41,58,29,87,70,72,46,38,45,37,34,46,31,44,34,90,90,89,68,89,89,224,125,175,145,418,155,111,0,445,440,625,599,910,875,29990,29991,29991,29992,29995,569,29989,29990,29997,29998,29998,29998,29998,29999]} 1. Nf3 d5 2. g3 c6 3. Bg2 Bg4 4. O-O Nd7 5. h3 Bxf3 (5... Bh5 6. d4 e6 7. c4 Be7 8. Nc3 dxc4 9. b3 cxb3 10. Qxb3 Qb6 11. Qa4 Ngf6 12. Rb1 Qc7 {0-1 (39) Matlakov,M (2718)-Giri,A (2752) Wijk aan Zee 2018}) 6. Bxf3 {A07: Réti Opening: New York and Capablanca Systems} e5 7. d3 Ngf6 8. Bg2 $146 ({Predecessor:} 8. e4 dxe4 9. dxe4 Bc5 10. Qe2 O-O 11. a4 a5 12. Nd2 Qc7 {½-½ (55) Praggnanandhaa,R (2515)-Mkrtchian,L (2378) Caleta 2018}) 8... Bc5 9. e4 dxe4 10. dxe4 O-O {LiveBook: 3 Games} 11. Nd2 Qc7 12. Qe2 Rfe8 13. a4 a5 14. Nf3 Bf8 15. Nh4 g6 16. b3 Nc5 17. Bb2 Bg7 18. Qc4 b6 19. Rae1 {[%cal Ba1e1,Be1e2,Be2d2,Bd2d1][%mdl 32]} Rad8 20. Re2 Rd7 21. Nf3 Rdd8 22. Rfe1 Nfd7 23. Rd2 Bh6 24. Rdd1 Bg7 25. h4 {[%cal Bh3h4,Bh4h5][%mdl 32]} Rb8 26. Ng5 Nf8 (26... Nf6 $11 {remains equal.}) 27. Ba3 $16 Nb7 28. Bh3 Rbd8 $1 29. h5 Bf6 30. Nf3 Ne6 (30... gxh5 $11 31. Qe2 Ng6) 31. Rxd8 Nbxd8 32. c3 Nb7 33. Rd1 Rd8 34. Rxd8+ Nexd8 35. Qa6 Kg7 36. Bg4 Nc5 ({Black should play} 36... c5 $14) 37. Bxc5 $1 bxc5 38. Kg2 Be7 39. Nd2 Qd6 {[#]} (39... Nb7 $16 {might work better.}) 40. Qa7 (40. Nc4 $1 $18 {[%cal Rc4d6]} Qd3 41. Qxa5 Qxe4+ 42. Bf3) 40... Bf6 41. Qd7 $36 {[%mdl 2048] White is really pushing.} Qb8 $2 {[%mdl 8192]} (41... Qxd7 $16 42. Bxd7 Kf8 43. hxg6 fxg6) 42. Qc8 $2 (42. Nc4 $18) 42... Qd6 43. Qd7 $2 {[%mdl 8192]} (43. Nc4 $16 Qd3 44. Qc7 (44. Nxa5 Qxe4+ 45. Bf3 Qc2 $11)) 43... Qb8 $1 $18 44. Nc4 Qxb3 (44... gxh5 $142 45. Nd6 (45. Bxh5 Qxb3 46. Nd6 Qe6 $18) 45... hxg4 46. Ne8+ Kf8) 45. Nd6 {aiming for Ne8+.} Bg5 46. Qe8 Bf6 {[#]} 47. h6+ $1 {[%mdl 512]} Kxh6 48. Qf8+ Kg5 {[#]} 49. Ne8 (49. Nf5 $142 $1 {[%mdl 512]} Bh8 (49... gxf5 50. Qg8+) 50. Qh6+ Kf6 51. Qh4+ g5 52. Qh6#) 49... Qb8 50. Qxc5 {White mates.} Kxg4 51. Qe3 {[%cal Re8f6]} Bh8 52. f3+ Kh5 53. g4+ {Precision: White = 55%, Black = 44%.} 1-0

[Event "GAMMA Reykjavik Open 2018"]
[Site "Reykjavik"]
[Date "2018.03.16"]
[Round "9"]
[White "Christiansen, Johan-Sebastian"]
[Black "Adly, Ahmed"]
[Result "1-0"]
[WhiteElo "2486"]
[BlackElo "2643"]
[Annotator "TA"]
[PlyCount "103"]
[EventType "swiss"]
[EventCountry "ISL"]
[SourceTitle "playchess.com"]
[Source "ChessBase"]
[SourceQuality "1"]

{[%evp 16,102,30,27,60,30,95,48,134,145,137,143,136,141,247,239,245,225,232,235,289,287,319,291,307,301,345,338,452,447,467,456,645,627,545,329,316,260,265,270,262,252,287,264,337,343,319,300,296,249,448,448,421,425,522,482,463,355,313,312,304,292,330,313,291,220,274,222,515,479,964,961,952,949,935,933,933,930,882,652,29995,29996,29996,29997,29997,29996,29998,29999,29999]} 1. e4 c5 2. c3 Nf6 3. e5 Nd5 4. d4 cxd4 5. Nf3 Nc6 6. cxd4 d6 7. Bc4 Nb6 8. Bb5 Bd7 9. Nc3 {[%cal Bb1c3,Bc3d5,Bd5b6][%mdl 32] LiveBook: 150 Games} a6 {B22: Sicilian: 2 c3} (9... dxe5 10. dxe5 a6 11. Be2 Bg4 12. Be3 Qxd1+ 13. Rxd1 Nd7 14. Ng5 Bxe2 15. Kxe2 Ncxe5 16. f4 h6 17. fxe5 hxg5 {½-½ (116) Pourramezanali,A (2522)-Shanava,K (2545) Mersin 2016}) 10. Be2 (10. Bxc6 $5 bxc6 11. O-O $14) 10... Bf5 (10... e6 $11 {remains equal.}) 11. Nh4 $146 ({Predecessor:} 11. d5 Nb4 12. Nd4 Bc8 13. e6 Qc7 14. exf7+ Kxf7 15. Qb3 a5 16. Be3 Nd7 17. Ne6 {1-0 (41) Horvath,T (2395)-Somogyi,I (2255) Hungary 1998}) 11... Bd7 {[#]} (11... Bc8 $14) 12. e6 $1 $16 {[%cal Re6d7][%mdl 512]} Bxe6 ({Avoid the trap} 12... fxe6 $2 13. Bh5+ g6 {[#]} 14. Nxg6 $1 $18 {[%mdl 512]}) 13. d5 Nxd5 14. Nxd5 g5 (14... Bxd5 $16 15. Qxd5 e6) 15. Nf3 $18 (15. Bxg5 Qa5+ 16. Bd2 Qxd5 $17) 15... h6 16. O-O Bg7 17. Be3 {aiming for Bb6.} Rc8 18. Nb6 Rb8 19. Qa4 O-O 20. h4 gxh4 21. Qxh4 Bf5 22. Rad1 Bg6 23. Bd3 Bxd3 (23... e6 $142 24. Qg3 d5 25. Bxg6 fxg6 26. Qxg6 Rf6) 24. Rxd3 f5 25. Qc4+ Kh8 26. g3 f4 27. gxf4 Qe8 {Black hopes to continue with ...Rg8.} 28. Nh2 Bxb2 {Hoping for ...Rg8+.} 29. Kh1 Rg8 {...Qg6 is the strong threat.} 30. Qe6 {[%cal Re6h6]} Qh5 31. Rd5 Qh4 32. Qf5 Nb4 $2 (32... Rbf8 33. Qh5 Qxh5 34. Rxh5 Bd4) 33. Qh5 Qxh5 34. Rxh5 Nxa2 35. f5 Rg7 36. Rxh6+ Rh7 37. Rxh7+ Kxh7 38. Nd5 b5 39. Nf3 ({Resist} 39. Nxe7 Re8 $18) 39... b4 40. Kg2 Kg7 41. Nd4 a5 $2 (41... b3 42. Nxe7 Bc3) 42. Rh1 Rh8 {[#]} (42... Re8 $142 43. f6+ exf6 44. Nf5+ Kg8 45. Nxd6 Rd8) 43. f6+ $1 exf6 44. Nf5+ Kg6 45. Nde7+ Kf7 46. Rxh8 a4 47. Nc6 {Nd8+ would kill now.} a3 48. Nd8+ {White mates.} Kg6 49. Ne7+ Kg7 50. Rg8+ Kh7 51. Ne6 {[%cal Re6f8]} f5 52. Nf8# {Precision: White = 78%, Black = 31%.} 1-0

[Event "GAMMA Reykjavik Open 2018"]
[Site "Reykjavik"]
[Date "2018.03.16"]
[Round "9"]
[White "Cornette, Deimante"]
[Black "Landa, Konstantin"]
[Result "1/2-1/2"]
[WhiteElo "2447"]
[BlackElo "2613"]
[Annotator "TA"]
[PlyCount "64"]
[EventType "swiss"]
[EventCountry "ISL"]
[SourceTitle "playchess.com"]
[Source "ChessBase"]
[SourceQuality "1"]

{[%evp 24,64,0,4,8,0,0,0,0,0,14,0,0,0,0,0,0,0,0,0,0,0,0,0,0,0,0,0,0,0,0,0,0,0,0,0,0,0,0,0,0,0,0]} 1. e4 e6 2. d4 d5 3. Nd2 c5 4. exd5 Qxd5 5. Ngf3 cxd4 6. Bc4 Qd8 7. O-O Nc6 8. Nb3 a6 {C07: French Tarrasch: 3...c5, 4 Ngf3 and 4 exd5 Qxd5} 9. Nbxd4 Nxd4 10. Nxd4 Qc7 11. Bb3 (11. Bd3 Nf6 12. Re1 Bd6 13. h3 O-O 14. Bg5 Be5 15. c3 h6 16. Nf3 Bxc3 {1-0 (51) Mamedov,R (2709)-Le,Q (2737) Huaian 2017}) 11... Bd6 12. Qh5 Nf6 13. Qh4 {LiveBook: 9 Games. The position is equal.} Bd7 14. Bg5 O-O-O 15. Rad1 {[%cal Ba1d1,Bd1d3,Bd3c3][%mdl 32]} h6 16. Bxf6 gxf6 17. Rd3 $146 Kb8 18. Rc3 Qa5 $1 19. Qxf6 Qg5 20. Qxf7 {Hoping for g3.} Rhf8 21. Nxe6 Bxe6 (21... Qe5 $5 22. f4 $8 Bc5+ 23. Nxc5 Qd4+ 24. Kh1 Rxf7 25. Bxf7 Bb5 $11) 22. Qxe6 {[#] Strongly threatening g3.} Bc5 $1 {( -> ...Rxf2!)} 23. Qe1 {Rd3 is the strong threat.} Rxf2 24. Rxf2 Bxf2+ 25. Kxf2 Rd2+ 26. Kf3 Qxg2+ 27. Ke3 $1 Qg5+ 28. Kf3 Qf5+ 29. Kg3 Qg6+ 30. Kf3 Qh5+ 31. Ke3 Qg5+ 32. Kf3 Qg2+ 1/2-1/2

[Event "GAMMA Reykjavik Open 2018"]
[Site "Reykjavik"]
[Date "2018.03.16"]
[Round "9"]
[White "Sundararajan, Kidambi"]
[Black "Cornette, Matthieu"]
[Result "1/2-1/2"]
[WhiteElo "2427"]
[BlackElo "2620"]
[Annotator "TA"]
[PlyCount "94"]
[EventType "swiss"]
[EventCountry "ISL"]
[SourceTitle "playchess.com"]
[Source "ChessBase"]
[SourceQuality "1"]

{[%evp 15,94,0,16,-17,-8,-25,0,-27,-19,-45,-35,-39,-43,-55,-40,-71,-62,-91,-20,-34,-22,-67,3,0,9,19,36,52,58,29,45,13,16,19,60,27,24,35,27,17,59,25,20,22,36,28,19,12,45,-13,-17,-8,-8,-5,-3,-11,-19,-4,-6,-31,-9,-8,0,-8,-8,-8,0,0,0,0,33,45,20,0,29,0,641,0,0,-84,0]} 1. d4 Nf6 2. c4 e6 3. Nc3 Bb4 4. e3 O-O 5. Bd2 d5 6. Nf3 b6 7. cxd5 exd5 8. Rc1 {E51: Nimzo-Indian: Rubinstein: 4...0-0 5 Nf3 d5} (8. Bd3 Bb7 9. O-O Nbd7 10. Ne5 Bd6 11. f4 c5 12. Be1 cxd4 13. exd4 Ne4 14. Nb5 Be7 15. Rc1 a6 16. Rc7 Nxe5 17. fxe5 Bc8 {0-1 (43) Esipenko,A (2564)-Yu,Y (2751) Riadh 2017}) 8... a6 {LiveBook: 3 Games} 9. Qb3 $146 ({Predecessor:} 9. Bd3 Bb7 10. O-O Bd6 11. Ne5 c5 12. f4 Nc6 13. Ng4 Be7 14. Ne5 {½-½ (14) Gretarsson,H (2571)-Xu,Y (2465) Reykjavik 2017}) 9... c5 10. Be2 {The position is equal.} Be6 11. O-O Nc6 12. Qc2 c4 13. Ne5 Ne7 14. Bf3 Rc8 15. Qa4 Bd6 16. Ne2 Bxe5 ({Black should try} 16... Ne4 $17 17. Bb4 b5) 17. dxe5 $11 Nd7 {[%cal Bf6d7,Bd7e5,Be5d3][%mdl 32]} 18. Bc3 ({Don't play} 18. Qxa6 Ra8 $17) 18... Qc7 (18... Ng6 $15) 19. Qa3 $36 {[%mdl 2048] White is pushing.} Ng6 20. Rcd1 Ndxe5 21. Bxd5 Nd3 22. Be4 Nc5 23. Ng3 Ne5 24. Bd4 Ned7 25. Qc3 f6 26. Bf5 b5 27. b3 cxb3 28. Bxe6+ (28. Bxc5 $5 Nxc5 29. Bxe6+ Nxe6 30. Qxb3 $11) 28... Nxe6 29. Qxb3 Rfe8 30. Nf5 g6 31. Ng3 Kg7 32. Ne4 ({White should play} 32. Ba1 $14) 32... Nxd4 33. Rxd4 {[#] Black must now prevent Nd6.} Rxe4 34. Rxe4 {Re7+ is the strong threat.} Nc5 $1 {[%csl LRb3,LRe4]} 35. Qc2 {Hoping for Rc1.} Nxe4 36. Qxe4 {[%mdl 4096] Endgame KQR-KQR} Qd7 37. h3 Rc4 38. Qb1 Qd2 39. Rd1 Qc2 40. Qb3 b4 41. Rd7+ Kh6 42. Ra7 Qe2 43. Kh2 f5 44. a3 a5 45. Rxa5 bxa3 $2 {[%mdl 8192] [#]} (45... Rc2 $11 46. Qxb4 Qxf2 47. Qf4+ Qxf4+ 48. exf4 Rc4) 46. Qxa3 $2 ({White has to play} 46. Ra7 $1 $18 Rh4 47. f3) 46... Qxf2 47. Qb3 (47. Ra7 $11 Rc2 48. Qf8+ Kg5 49. Qd8+ Kh6 50. Qf8+ Kg5 51. Qd8+ Kh6 52. Qf8+) 47... Qe2 {Precision: White = 41%, Black = 36%.} (47... Rc2 $17 {[%csl Gc2][%cal Rf2g2]} 48. Qd5 Re2) 1/2-1/2